=LDR 00000nam 2200000 4500 =001 INLIS000000000025263 =005 20200729015453 =035 ##$$a 0010-061300000025263 =008 200729################g##########0#ind## =041 ##$$a Ind =082 ##$$a 2x5.4 =090 ##$$a 2x5.4, Ass b =100 1#$$a As-Sina, Abu Bakar =245 1#$$a Berdoa dan beramal bersma Rasulullah /$c Abu Bakar Bin As-Sina =260 ##$$a Bandung :$b Al-Bayan,$c 1995 =300 ##$$a 336 hlm, ; $c 14x21 cm =650 #4$$a Doa dan Wirid =850 ##$$a NBPNMAT =084 ##$$a 2x5.4 Ass b =250 ##$$a cet.1 =990 ##$$a 124.726/Pb/97 =990 ##$$a 97.268 pro.96 =990 ##$$a 1199701634 =990 ##$$a 124.726/Pb/97 =990 ##$$a 97.268 pro.96 =990 ##$$a 1199701634 =990 ##$$a 124.726/Pb/97 =990 ##$$a 97.268 pro.96